Harry Potter: Sorcière-Hebdo - Statistiques

Statistiques générales
  • Ce quiz a été pris 23 fois
  • Le résultat moyen est 5 sur 7
Statistiques - réponses
Information Réponses % Correct
Dernière apparition Harry Potter et l'Ordre du Phénix
90%
Journaliste connue Rita Skeeter
90%
Première apparition Harry Potter et la Chambre des Secrets
80%
Format Magazine
60%
Lectrice connue Molly Weasley
60%
Rubrique connue Prix décerné par les lectrice du sourire le plus charmeur
35%
Rubrique connue Recettes de cuisine
35%
Aucun quiz correspondant
Distribution des résultats
% des personnes avec chaque résultat
Percentile par nombre de réponses
Votre historique - résultats
Vous n’avez pas pris ce quiz